000 01648cam a22004694i 4500
003 PE-LiUPU
005 20250731173549.0
008 150616s r 000 0 d
020 _a0891308849
035 _a(Sirsi) i9780891308843
040 _aPE-LiUPU
_bspa
_cPE-LiUPU
_erda
049 _aPRUA
082 0 4 _a296.09014
_bE34
_221
245 0 0 _aEarly judaism and its modern interpreters /
_ceditado por Robert Kraft.
264 1 _aAtlanta, Georgia :
_bScholars Press,
_c1986.
300 _a494 páginas ;
_c24 centímetros
336 _atext
_2rdacontent
337 _aunmediated
_2rdamedia
338 _avolume
_2rdacarrier
490 0 _aSBL The Bible and its modern interpreters ;
_v1
505 0 _aEarly judaism in its historical settings.- Recent discoveries.- The literature.
526 _aSEG42
526 _aSEG41
526 _aSEG40
526 _aSEG39
526 _aP94
526 _aP87
526 _aP86
526 _aP85
526 _aP77
526 _aP76
526 _aP35
650 0 4 _aJudaísmo
_xHistoria
_yPeríodo post-exílico, año 586 aC-210 dC
_vHistoriografía.
700 1 _aKraft, Robert A.,
_eeditor.
910 _ajck
_bjvq
_cjck
942 _2ddc
_cBOOK
949 _a296.09014 E34
_wDEWEY
_c1
_i43003
_lCCODEBUL1
_mBUL
_r0
_sY
_tBOOK
_u2015-6-16
_xTEOLOGIA
_zUNKNOWN
_0COMPRA
_o.STAFF. Colección General
994 _aC0
_bPEPRU
596 _a1
999 _a296.09014 E34
_wDEWEY
_c60975
_i43003
_f2021-11-11
_g5
_lCCODEBUL1
_mBUL
_r0
_sY
_tBOOK
_u2015-6-16
_xTEOLOGIA
_zUNKNOWN
_0COMPRA
_o.STAFF. Colección General
_d60975
980 _81
_gALBERTO SANCHEZ Responsable de Automatización